00385cam a2200157ua 45000010005000000080039000050400009000440820015000531000025000682450036000932500009001292600038001383000017001766530021001936530013002144365111224n ii |||gr||||Z||||||asm cMAIN a398.0541621 aPhukan, Sarat Kumar,11aNamtatvacby Sarat Kumar Phukan a1st. aGuwahati:bSuprity Phukan,c2006. a233p:c23cm. aAssamese culture aNamtatva